Crisis duradera en el centro y nuevas oportunidades para las economías en desarrollo
Shranjeno v:
| Format: | Texto |
|---|---|
| Oznake: |
Označite
Brez oznak, prvi označite!
|
MARC
| LEADER | 00000 a a2200000 04500 | ||
|---|---|---|---|
| 001 | 47796 | ||
| 003 | |||
| 040 | |||
| 245 | |a Crisis duradera en el centro y nuevas oportunidades para las economías en desarrollo | ||
| 246 | |a Desempeño reciente y perspectivas de corto plazo del comercio y la integración económica en América Latina y el Caribe | ||
| 773 | |g , (2012), páginas 79-95 : tablas, gráficos | ||
| 999 | |c 39357 |d 39357 | ||
